Anjo da Morte : (Record no. 443)

MARC details
000 -LÍDER
campo de controle de tamanho fixo 01412nam a2200313 4500
001 - NÚMERO DE CONTROLE
campo de controle 443
003 - IDENTIFICADOR DO NÚMERO DE CONTROLE
campo de controle OSt
005 - DATA E HORÁRIO DA ÚLTIMA TRANSAÇÃO
campo de controle 20250701085140.0
008 - CAMPO DE DADOS FIXOS--INFORMAÇÃO GERAL
campo de controle de tamanho fixo 250701b |||||||g |||| 00| j eng d
020 ## - ISBN - INTERNATIONAL STANDARD BOOK NUMBER
ISBN - International Standard Book Number 9788516045418
040 ## - FONTE DA CATALOGAÇÃO
Idioma da catalogação por
041 ## - CÓDIGO DE IDIOMA
Código do idioma do texto/trilha sonora ou título diferente por
082 ## - CDD - CLASSIFICAÇÃO DECIMAL DE DEWEY
Número de Classificação 028.5
Número do exemplar B214a
100 1# - ENTRADA PRINCIPAL--NOME PESSOAL
Nome pessoal Bandeira, Pedro
Datas associadas ao nome 1942-
9 (RLIN) 977
245 ## - TÍTULO
Título Anjo da Morte :
Restante do título Mais uma aventura com os Karas! /
Indicação de responsabilidade, etc. Bandeira, Pedro ; Ilustrações de Hector Gomes
250 ## - EDIÇÃO
Declaração de edição 4 ed.
260 ## - PUBLICAÇÃO, DISTRIBUIÇÃO, ETC.
Local de publicação, distribuição, etc. São Paulo
Nome do editor, distribuidor, etc. Moderna
Data da publicação, distribuição, etc. 2013
300 ## - DESCRIÇÃO FÍSICA
Extensão 190 p.
Outros detalhes físicos il.
520 ## - NOTA DE RESUMO, ETC.
Resumo, etc. Os Karas lutam contra o renascimento do nazismo.<br/><br/>Os Karas, os cinco adolescentes de "A Droga da Obediência", envolvem-se na investigação do assassinato de um grande ator de teatro. Mal sabiam eles que teriam de enfrentar o Anjo da Morte, um ex-oficial nazista culpado do massacre de milhares de pessoas em um campo de concentração durante a Segunda Guerra Mundial.<br/>Mais uma história de grande suspense de Pedro Bandeira, que surpreenderá qualquer leitor.<br/><br/>Esse é mais um trabalho para os Karas: o avesso dos coroas, o contrário dos caretas!<br/>
650 #0 - ASSUNTO--TERMO TÓPICO
Cabeçalho tópico ou nome geográfico Literatura Brasileira
9 (RLIN) 205
650 #0 - ASSUNTO--TERMO TÓPICO
Cabeçalho tópico ou nome geográfico Infantojuvenil
9 (RLIN) 200
650 #0 - ASSUNTO--TERMO TÓPICO
Cabeçalho tópico ou nome geográfico Aventura
9 (RLIN) 47
650 #0 - ASSUNTO--TERMO TÓPICO
Cabeçalho tópico ou nome geográfico Crime e Investigação
9 (RLIN) 13
655 #0 - TERMO DE ÍNDICE--GÊNERO E FORMA
Gênero/forma/ou termo foco Romance
655 #0 - TERMO DE ÍNDICE--GÊNERO E FORMA
Gênero/forma/ou termo foco Ficção
700 ## - ENTRADA ADICIONADA - NOME PESSOAL
Nome pessoal Hector Gomes
Função do autor por extenso ILUSTRADOR
9 (RLIN) 978
830 ## - ENTRADA SECUNDÁRIA DE SÉRIE--TÍTULO UNIFORME
Título uniforme Os Karas
9 (RLIN) 979
Número do volume ou designação sequencial da série vol. 03
942 ## - ELEMENTOS DE ENTRADA ADICIONADOS (KOHA)
Fonte de classificação ou esquema de arquivamento Classificação decimal de Dewey
Ocultar no OPAC Não
Tipo de material Koha Livros
Holdings
Situação do descarte Situação das perdas Fonte de classificação ou esquema de arquivamento Materiais especificados (volume encadernado ou outra parte) Status danificado Não pode ser emprestado Coleção Biblioteca de origem Biblioteca atual Localização na estante Data de aquisição Fonte de aquisição Total de empréstimos Número de chamada completo Código de barras Data de último acesso Número do exemplar Data do preço efetivo Tipo de material Koha
    Classificação decimal de Dewey vol. 3     Ficção Biblioteca Professor Eduardo Afonso de Castro Biblioteca Professor Eduardo Afonso de Castro Infanto Juvenil 01.07.2025 doação   IJ 028.5 / B214a 2025-17374 01.07.2025 Livro 1 01.07.2025 Livros
    Classificação decimal de Dewey vol. 3     Ficção Biblioteca Professor Eduardo Afonso de Castro Biblioteca Professor Eduardo Afonso de Castro Infanto Juvenil 03.07.2025 doação   IJ 028.5 / B214a 2025-17389 03.07.2025 Livro 2 03.07.2025 Livros

Powered by Koha